000 00573nam a2200229Ia 4500
003 OSt
005 20220918201343.0
006 a|||||r|||| 00| 0
007 ta
008 220917b |||||||| |||| 00| 0 eng d
024 _a93,310
037 _cTextual
040 _aARTS
_cARTS
_beng
041 _2eng
_aeng
082 _aV1-3:1:N3, H9.1-.2
100 _aMuir R
_995257
245 0 _aShort history of the British Commonwealth
260 _c1949
650 _aHISTORY
942 _hV1-3:1:N3, H9.1-.2
_cTEXL
_2CC
999 _c216957
_d216957